The Harbinger Book Two /

The war for Chicago begins! It's Psiot City vs the Renegade and Faith vs the Harbinger. Peter Stanchek's one-time teammate and friend, the high flying Faith Herbert, dives into the fray! Jump on board here with New York Times best selling writers Collin Kelly and Jackson Lanzing (Kan...

Full description

Bibliographic Details
Corporate Author: Library Pass, LLC
Other Authors: Kelly, Collin (writer.)
Format: eBook
Language:English
Published: [United States] : Valiant Entertainment, 2022.
Subjects:
Online Access:Connect to this electronic book (First time users create your free account)

MARC

Tag First Indicator Second Indicator Subfields
LEADER 00000nmm a22000001a 4500
001 in00004607313
006 m|||||o||m||||||||
007 cr|cn |||uuuuu
008 221118s2022 xxu||||eo|||| ||||||eng d
005 20221207212727.0
035 |a (TxWaIVM)IV88131VaTh 
040 |a TxWaIVM  |c TxWaIVM 
245 0 4 |a The Harbinger Book Two /  |c powered by Library Pass. 
260 3 |a [United States] :  |b Valiant Entertainment,  |c 2022. 
300 |a 1 online resource. 
336 |a text  |b txt  |2 rdacontent 
337 |a computer  |b c  |2 rdamedia 
338 |a online resource  |b cr  |2 rdacarrier 
520 |a The war for Chicago begins! It's Psiot City vs the Renegade and Faith vs the Harbinger. Peter Stanchek's one-time teammate and friend, the high flying Faith Herbert, dives into the fray! Jump on board here with New York Times best selling writers Collin Kelly and Jackson Lanzing (Kang the Conqueror) and visionary artist Robbi Rodriguez (Batgirl) to find out why this is the series CBR calls "an urgent and beautiful reintroduction to Harbinger's exciting world." Collecting THE HARBINGER #5-8. 
521 |a 4 
538 |a Requires a valid library card and registration for new users. 
538 |a Mode of access: World Wide Web. 
538 |a System requirements: Flash 10.1 or higher, Windows XP and higher, Internet Explorer 7 and higher, Firefox 3.6 and higher, Google Chrome; Max OS 10.5 and higher, Safari 4 and higher. 
650 0 |a Comic books, strips, etc. 
655 7 |a Electronic books.  |2 local 
655 7 |a Comic books, strips, etc.  |2 gsafd 
650 0 |a Science fiction comic books, strips, etc. 
655 7 |a Science fiction comic books, strips, etc.  |2 gsafd 
650 0 |a Comic books, strips, etc. --Superheroes 
655 7 |a Comic books, strips, etc. --Superheroes  |2 gsafd 
700 1 |a Kelly, Collin.  |e writer. 
700 1 |a Rodriguez, Robbi.  |e artist. 
710 2 |a Library Pass, LLC. 
856 4 0 |u http://proxy.library.tamu.edu/login?url=https://tamu.librarypass.com/product/valiant.entertainment.the.harbinger.book.two.english.03252022  |z Connect to this electronic book (First time users create your free account)  |t 0 
955 |a Comics Plus. 
999 f f |s 8ae24d27-52c1-48c0-98fe-480f2b99d1f4  |i d0c5ee97-329a-41ef-9f74-01ee7a3cd409  |t 0 
952 f f |a Texas A&M University  |b College Station  |c Electronic Resources  |d Available Online  |t 0  |h Library of Congress classification 
998 f f |t 0  |l Available Online